| 000 | 00451cam a22001217a 4500 | ||
|---|---|---|---|
| 008 | 180718b1975 xxu||||| |||| 00| 0 eng d | ||
| 082 | _aW Eu72 | ||
| 245 |
_aImpact of the structure and extent of urban development on the choice of modes of transport _cBy ECMT |
||
| 260 |
_aParis _bEuropean conference of ministers of transport _c1975 |
||
| 300 | _a60p. | ||
| 650 | _aUrban transportation -- Congresses | ||
| 650 | _aChoice of transportation -- Congresses | ||
| 999 |
_c413982 _d413982 |
||